000 00698nam a2200217Ia 4500
008 100315s9999 xx 000 0 und d
020 _a8171942504 
040 _cENGLISH 
082 _b4026 
_a336.294 
100 _a"Datey, V.S. "
245 _aIndirect Taxes : Law & Practice
260 _aNew Delhi 
_bTaxmann  
_c2001 
300 _a804p. 
365 _eRupees 
_d
_b260.00 
366 _f
505 _gTushar Jadhav 
620 _a"Background of Indirect Law, Liability of Central Excise Duty, Classification of goods, Valuation Under Central Excise "
630 _aIndirect Taxes : Law & Practice
730 _aIndirect Taxes : Law & Practice
942 _cBOOK
999 _c478761
_d478758